Hướng dẫn sử dụng kênh hình trong SGK lịch sử lớp 10 - THPT
Nội dung và phương pháp sử dụng các kênh hình biên soạn trong tài liệu dựa theo sách giáo khoa phổ thông. Gồm 3 phần. Ph.1: Lịch sử thế giới thời nguyên thủy, cổ đại và trung đại; Ph.2: Lịch sử Việt Nam từ nguồn gốc đến giữa thế kỉ XIX; P...
Đã lưu trong:
| Tác giả chính: | |
|---|---|
| Tác giả khác: | |
| Định dạng: | Sách |
| Ngôn ngữ: | Undetermined |
| Được phát hành: |
H.
Đại học sư phạm
2013
|
| Những chủ đề: | |
| Truy cập trực tuyến: | http://lrc.tdmu.edu.vn/opac/search/detail.asp?aID=2&ID=19762 |
| Các nhãn: |
Thêm thẻ
Không có thẻ, Là người đầu tiên thẻ bản ghi này!
|
| Thư viện lưu trữ: | Trung tâm Học liệu Trường Đại học Thủ Dầu Một |
|---|
| LEADER | 01219nam a2200217Ia 4500 | ||
|---|---|---|---|
| 001 | TDMU_19762 | ||
| 008 | 210410s9999 xx 000 0 und d | ||
| 082 | |a 907 | ||
| 090 | |b NG527 | ||
| 100 | |a Nguyễn, Thị Côi | ||
| 245 | 0 | |a Hướng dẫn sử dụng kênh hình trong SGK lịch sử lớp 10 - THPT | |
| 245 | 0 | |c Nguyễn Thị Côi, Trịnh Đình Tùng, Nguyễn Mạnh Hưởng | |
| 260 | |a H. | ||
| 260 | |b Đại học sư phạm | ||
| 260 | |c 2013 | ||
| 300 | |a 216tr. | ||
| 520 | |a Nội dung và phương pháp sử dụng các kênh hình biên soạn trong tài liệu dựa theo sách giáo khoa phổ thông. Gồm 3 phần. Ph.1: Lịch sử thế giới thời nguyên thủy, cổ đại và trung đại; Ph.2: Lịch sử Việt Nam từ nguồn gốc đến giữa thế kỉ XIX; Ph.3: Lịch sử thế giới cận đại. | ||
| 650 | |a Lịch sử |x phương pháp dạy học |x sử dụng kênh hình | ||
| 700 | |a Trịnh, Đình Tùng | ||
| 856 | |u http://lrc.tdmu.edu.vn/opac/search/detail.asp?aID=2&ID=19762 | ||
| 980 | |a Trung tâm Học liệu Trường Đại học Thủ Dầu Một | ||